00517nam a22001817a 450000500170000001000150001702000260003202000230005803500130008103700130009408200100010710000170011724500440013426000450017827000640022330000270028750000210031420140102164636.0 aENG-104067 a9780198074366c495.00 a0198074360c495.00 aEN-87600 bDBAD/PUB a370.1 aGnanakan,Ken aIntegrated learning /cby Ken Gnanakan aNew DelhibOxford University Pressc2011 aYMCA Library Building, 1, Jai Singh RoadbNew Delhie110001 aviii,180p. c21cm (Hb) aIncludes index.